Backwards 0 - 200 - Statistics

General Stats
  • This quiz has been taken 24 times
    16 since last reset
  • The average score is 77 of 199
Answer Stats
Number % Correct
200
100%
197
93%
198
93%
199
93%
185
86%
186
86%
187
86%
188
86%
189
86%
190
86%
191
86%
192
86%
193
86%
194
86%
195
86%
196
86%
183
79%
184
79%
175
71%
176
71%
177
71%
178
71%
179
71%
180
71%
181
71%
182
71%
159
64%
160
64%
161
64%
162
64%
163
64%
164
64%
165
64%
166
64%
167
64%
168
64%
169
64%
170
64%
171
64%
172
64%
173
64%
174
64%
140
57%
141
57%
142
57%
143
57%
144
57%
145
57%
146
57%
147
57%
148
57%
149
57%
150
57%
151
57%
152
57%
153
57%
154
57%
155
57%
156
57%
157
57%
158
57%
111
50%
112
50%
113
50%
114
50%
115
50%
116
50%
117
50%
118
50%
119
50%
120
50%
121
50%
122
50%
123
50%
124
50%
125
50%
126
50%
127
50%
128
50%
129
50%
130
50%
131
50%
132
50%
133
50%
134
50%
135
50%
136
50%
137
50%
138
50%
139
50%
100
36%
101
36%
102
36%
103
36%
104
36%
105
36%
106
36%
107
36%
108
36%
109
36%
99
36%
67
29%
68
29%
69
29%
70
29%
71
29%
72
29%
73
29%
74
29%
75
29%
76
29%
77
29%
78
29%
79
29%
80
29%
81
29%
82
29%
83
29%
84
29%
85
29%
86
29%
87
29%
88
29%
89
29%
90
29%
91
29%
92
29%
93
29%
94
29%
95
29%
96
29%
97
29%
98
29%
47
21%
48
21%
49
21%
51
21%
52
21%
53
21%
54
21%
55
21%
56
21%
57
21%
58
21%
59
21%
60
21%
61
21%
62
21%
63
21%
64
21%
65
21%
66
21%
26
14%
27
14%
28
14%
29
14%
30
14%
31
14%
32
14%
33
14%
34
14%
35
14%
36
14%
37
14%
38
14%
39
14%
40
14%
41
14%
42
14%
43
14%
44
14%
45
14%
46
14%
23
7%
24
7%
25
7%
0
0%
1
0%
10
0%
11
0%
12
0%
13
0%
14
0%
15
0%
16
0%
17
0%
18
0%
19
0%
2
0%
20
0%
21
0%
22
0%
3
0%
4
0%
5
0%
6
0%
7
0%
8
0%
9
0%
No matching quizzes found
Score Distribution
Percent of People with Each Score
Percentile by Number Answered
Your Score History
You have not taken this quiz since the last reset